Real estate finance and investments / (Record no. 11984)
[ view plain ]
| 000 -LEADER | |
|---|---|
| fixed length control field | 00884cam a22002772 4500 |
| 001 - CONTROL NUMBER | |
| control field | 0000007176 |
| 003 - CONTROL NUMBER IDENTIFIER | |
| control field | OSt |
| 005 - DATE AND TIME OF LATEST TRANSACTION | |
| control field | 20220624110507.0 |
| 008 - FIXED-LENGTH DATA ELEMENTS--GENERAL INFORMATION | |
| fixed length control field | 071126s xx 000 0 eng d |
| 020 ## - INTERNATIONAL STANDARD BOOK NUMBER | |
| International Standard Book Number | 0071259194 : |
| Terms of availability | KES 3090 |
| 040 ## - CATALOGING SOURCE | |
| Original cataloging agency | KABU |
| Transcribing agency | KABU |
| 050 #0 - LIBRARY OF CONGRESS CALL NUMBER | |
| Classification number | HG4020.5 |
| Item number | .U5B78 2008 |
| 100 1# - MAIN ENTRY--PERSONAL NAME | |
| Personal name | Brueggeman, William B. |
| 245 10 - TITLE STATEMENT | |
| Title | Real estate finance and investments / |
| Statement of responsibility, etc. | William B. Brueggeman, Jeffrey D. Fisher. |
| 250 ## - EDITION STATEMENT | |
| Edition statement | 13th ed. |
| 260 ## - PUBLICATION, DISTRIBUTION, ETC. (IMPRINT) | |
| Place of publication, distribution, etc. | Boston : |
| Name of publisher, distributor, etc. | McGraw-Hill, |
| Date of publication, distribution, etc. | 2008. |
| 300 ## - PHYSICAL DESCRIPTION | |
| Extent | xv, 688 p. |
| 650 #0 - SUBJECT ADDED ENTRY--TOPICAL TERM | |
| Topical term or geographic name as entry element | Real property |
| Geographic subdivision | United states. |
| 650 #0 - SUBJECT ADDED ENTRY--TOPICAL TERM | |
| Topical term or geographic name as entry element | Mortgage loans |
| Geographic subdivision | United States. |
| 700 1# - ADDED ENTRY--PERSONAL NAME | |
| Personal name | Fisher, Jefrey. D. |
| 908 ## - PUT COMMAND PARAMETER (RLIN) | |
| Put command parameter | 071126 |
| 942 ## - ADDED ENTRY ELEMENTS (KOHA) | |
| Source of classification or shelving scheme | Library of Congress Classification |
| Koha item type | General Collection |
| Withdrawn status | Lost status | Source of classification or shelving scheme | Not for loan | Home library | Current library | Date acquired | Total Checkouts | Total Renewals | Full call number | Barcode | Date last seen | Date last checked out | Price effective from | Koha item type | Shelving location |
|---|---|---|---|---|---|---|---|---|---|---|---|---|---|---|---|
| Library of Congress Classification | Kabarak, Main Campus | Kabarak, Main Campus | 17/12/2015 | 7 | 3 | HG4020.5 .U5B78 2008 c. 1 | 011255 | 07/03/2024 | 12/02/2024 | 17/12/2015 | General Collection | ||||
| Library of Congress Classification | Kabarak, Main Campus | Kabarak, Main Campus | 17/12/2015 | 15 | 3 | HG4020.5 .U5B78 2008 c. 2 | 011256 | 15/12/2025 | 03/12/2025 | 17/12/2015 | General Collection | General Stacks | |||
| Library of Congress Classification | Kabarak, Nakuru City Campus | Kabarak, Nakuru City Campus | 17/12/2015 | 13 | 4 | HG4020.5 .U5B78 2008 c. 3 | 17798 | 13/03/2024 | 12/02/2024 | 17/12/2015 | General Collection |